| 000 | 00877nam0a22002411 4500 | ||
|---|---|---|---|
| 001 | rc\2871272 | ||
| 005 | 20110714150220.0 | ||
| 035 | _a(NLR Aleph) 007024625 | ||
| 090 |
_a5942690 _c5942690 |
||
| 100 | _a20110714d1929 |||y0rusy50 ca | ||
| 101 | 0 | _arus | |
| 102 | _aRU | ||
| 105 | _aa z ||||| | ||
| 200 | 1 |
_aНаше бездорожье и дорожное строительство _fинж. Д.М. Ярошев |
|
| 210 |
_aМосква _aЛенинград _cГос. изд-во _d1929 _eМосква _gтип. "Красный пролетарий" |
||
| 215 |
_a75, [3] с., [2] с. объявл. _cил., черт. _d17х12 см |
||
| 225 | 1 | _aБиблиотека Автодора | |
| 700 | 1 |
_aЯрошев _bД. М. _gДмитрий Михайлович |
|
| 801 | 0 |
_aRU _bNLR _gpsbo |
|
| 801 | 1 |
_aRU _bELAR _2rusmarc |
|
| 852 |
_aNLR _j61/1872 |
||
| 942 | _cBOOK | ||
| 980 | _aNB | ||